Řešení úloh matematické statistiky ve FORTRANU

Saved in:
Bibliographic Details
Main Author: Olehla, Miroslav
Other Authors: Věchet, Vladimír, Olehla, Josef
Format: Book
Language:Czech
Published: Praha Nakl. dopr. a spojů 1982
Tags: Add Tag
No Tags, Be the first to tag this record!

MARC

LEADER 00000nam a2200000 4500
001 c128891
005 20041019155244.8
041 0 |a cze 
044 |a CZ 
245 1 0 |a Řešení úloh matematické statistiky ve FORTRANU  |c Miroslav Olehla, Vladimír Věchet, Josef Olehla 
264 1 |a Praha  |b Nakl. dopr. a spojů  |c 1982 
300 |a 363 s. 
100 1 |a Olehla, Miroslav 
700 1 |a Věchet, Vladimír 
700 1 |a Olehla, Josef